The rating agencies and their credit ratings what they are, how they work and why they are relevant /

Bibliographic Details
Main Author: Langohr, Herwig M.
Corporate Author: ProQuest (Firm)
Other Authors: Langohr, Patricia T.
Format: Electronic eBook
Language:English
Published: Chichester, West Sussex, England ; Hoboken, NJ : John Wiley, c2008.
Series:Wiley finance series.
Subjects:
Online Access:Click to View
LEADER 01455nam a2200385Ia 4500
001 EBC516967
003 MiAaPQ
005 20200520144314.0
006 m o d |
007 cr cn|||||||||
008 080616s2008 njua sb 001 0 eng d
010 |z  2008026792 
020 |z 9780470018002 
035 |a (MiAaPQ)EBC516967 
035 |a (Au-PeEL)EBL516967 
035 |a (CaPaEBR)ebr10381136 
035 |a (CaONFJC)MIL268963 
035 |a (OCoLC)436855978 
040 |a MiAaPQ  |c MiAaPQ  |d MiAaPQ 
050 4 |a HG3751.5  |b .L364 2008 
082 0 4 |a 332.7  |2 22 
100 1 |a Langohr, Herwig M. 
245 1 4 |a The rating agencies and their credit ratings  |h [electronic resource] :  |b what they are, how they work and why they are relevant /  |c Herwig M. Langohr, Patricia T. Langohr. 
260 |a Chichester, West Sussex, England ;  |a Hoboken, NJ :  |b John Wiley,  |c c2008. 
300 |a xiv, 510 p. :  |b ill. 
490 1 |a Wiley finance series 
504 |a Includes bibliographical references and index. 
533 |a Electronic reproduction. Ann Arbor, MI : ProQuest, 2015. Available via World Wide Web. Access may be limited to ProQuest affiliated libraries. 
650 0 |a Credit ratings. 
650 0 |a Credit bureaus. 
655 4 |a Electronic books. 
700 1 |a Langohr, Patricia T. 
710 2 |a ProQuest (Firm) 
830 0 |a Wiley finance series. 
856 4 0 |u https://ebookcentral.proquest.com/lib/matrademy/detail.action?docID=516967  |z Click to View